000 00377nam a22001457a 4500
020 _a0201026961
040 _cNUST
082 _a519.4
_bGER
100 _aCurtis F. Gerald
_9102
245 _aApplied Numerical Analysis
250 _aSecond Edition
260 _aLondon
_bAddison Wesley Publishing Company,
_c1980.
650 _2Applied Numerical Analysis
942 _2ddc
_cBK
999 _c611516
_d611516